Statistics for Pokémon names that end with O

Click here to take the quiz!

General Stats

  • This quiz has been taken 108 times
    (44 since last reset)
  • The average score is 31 of 48

Answer Stats

GenPokémon% Correct
IIISealeo
89%
IArticuno
89%
IIIArmaldo
78%
IVLucario
78%
VKeldeo
78%
IPidgeotto
78%
IIPineco
78%
IHypno
78%
IMewtwo
78%
IIMagcargo
78%
IDoduo
78%
IDodrio
78%
IDitto
78%
VDeino
78%
IIISharpedo
78%
VAudino
78%
IIITreecko
67%
INidorino
67%
VMinccino
67%
VTynamo
67%
VMienfoo
67%
VIIPopplio
67%
VMienshao
67%
VIIHakamo-o
67%
IIILudicolo
67%
VILitleo
67%
VIIKommo-o
67%
VCubchoo
67%
IKabuto
67%
VIIJangmo-o
67%
VCinccino
67%
IISudowoodo
56%
ISlowbro
56%
VISliggoo
56%
IDugtrio
56%
VIITapu Koko
56%
IIIChimecho
56%
VIPangoro
56%
VIIOricorio
56%
VIIIMorpeko
56%
IVMonferno
56%
VISkiddo
44%
VIINihilego
44%
VIISolgaleo
44%
VIPumpkaboo
44%
IVLuxio
33%
VIIIRegidrago
33%
VIIIWooloo
33%

Score Distribution

Percentile by Number Answered

Percent of People with Each Score

Your Score History

You have not taken this quiz since the last reset